Statistical Yearbook of the Council for Mutual Economic Assistance 1972 (Record no. 7028)

MARC details
000 -LEADER
fixed length control field 00475nam a22002057i 4500
001 - CONTROL NUMBER
control field 8408
003 - CONTROL NUMBER IDENTIFIER
control field OSt
005 - DATE AND TIME OF LATEST TRANSACTION
control field 20170126082410.0
007 - PHYSICAL DESCRIPTION FIXED FIELD--GENERAL INFORMATION
fixed length control field tu
008 - FIXED-LENGTH DATA ELEMENTS--GENERAL INFORMATION
fixed length control field 161220s xxu||||| |||| 00| 0 rus d
024 7# - OTHER STANDARD IDENTIFIER
Standard number or code 8408
Source of number or code RID
040 ## - CATALOGING SOURCE
Transcribing agency OSt
041 ## - LANGUAGE CODE
Language code of text/sound track or separate title rus
110 2# - MAIN ENTRY--CORPORATE NAME
Corporate name or jurisdiction name as entry element Council for Mutual Economic Assistance
245 00 - TITLE STATEMENT
Title Statistical Yearbook of the Council for Mutual Economic Assistance 1972
260 ## - PUBLICATION, DISTRIBUTION, ETC.
Place of publication, distribution, etc. Moscow.
300 ## - PHYSICAL DESCRIPTION
Extent 479 S.
651 ## - SUBJECT ADDED ENTRY--GEOGRAPHIC NAME
Geographic name Russia
866 #0 - TEXTUAL HOLDINGS--BASIC BIBLIOGRAPHIC UNIT
-- 1972
942 ## - ADDED ENTRY ELEMENTS (KOHA)
Koha item type Statistics
Holdings
Withdrawn status Lost status Damaged status Not for loan Home library Current library Shelving location Date acquired Inventory number Total Checkouts Full call number Barcode Date last seen Price effective from Koha item type
        WIIW WIIW Souterrain 02/21/2013 8408   I-7/DBL. 10005422 01/26/2017 01/26/2017 Statistics
The Vienna Instiute for International Economic Studies (wiiw)